000 01708cam a22004454i 4500
003 PE-LiUPU
005 20250731165415.0
008 151130s2007 pe grm 000 0 spa d
035 _a(Sirsi) a155288
040 _aPE-LiUPU
_bspa
_cPE-LiUPU
_erda
099 _aSP 3
_bH83 2007
100 1 _aHuanca Susanibar, Leticia Rosario
245 1 _aImpacto de un programa educativo 'Vida sana' en personas hipertensas del Hospital Gustavo Lanatta Luján Huacho - Perú, 2006 /
_cLeticia Rosario Huanca Susanibar.
264 0 _c2007.
300 _a90 hojas
_c31 cm
336 _atext
_2rdacontent
337 _aunmediated
_2rdamedia
338 _avolume
_2rdacarrier
502 _aTesis
_b(Mg.) --
_cUniversidad Peruana Unión,
_d2007.
504 _aIncluye referencias
520 3 _aAl año mueren 17 millones de hipertensos, esta enfermedad crónico-degenerativa es de origen multifactorial, esta problemática expectante en el futuro, motivo el estudio educativo pre-experimental, basado en el modelo PRECEDE-PROCEDE. Aplicado a hipertensos de mas de 55 años de edad del Hospital Gustavo Lanatta Lujan Huacho.
526 _aSEG44
526 _aSEG26
526 _aP151
526 _aP150
526 _aP149
526 _aP146
526 _aP145
526 _aP126
526 _aP125
526 _aP92
526 _aP75
526 _aP74
526 _aP27
526 _aP15
650 0 4 _aPromoción de la salud
_xHospital Gustavo Lanatta Luján Huacho (Perú : Distrito)
596 _a1
942 _2ddc
_cTESIS
999 _aSP 3 H83 2007
_wALPHANUM
_c7966
_iT00989
_lCCODEBUL3
_mBUL
_r1
_sY
_tTESIS
_u2015-11-30
_xPOSGRADO
_PP82
_o.STAFF. Tesis
_d7966
980 _81
_gALBERTO SANCHEZ Responsable de Automatización